Statistiques concernant Capitales du finnois au français

Cliquez ici pour prendre le quiz!

Statistiques générales

  • Ce quiz a été pris 83 fois
    (18 depuis la dernière actualisation)
  • Le résultat moyen est 17 sur 18

Statistiques - réponses

En finnois Et en français % Correct
KööpenhaminaCopenhague
100%
RoomaRome
100%
LissabonLisbonne
100%
MoskovaMoscou
100%
KairoLe Caire
100%
PariisiParis
100%
PrahaPrague
100%
KiovaKiev
100%
VilnaVilnius
100%
WienVienne
100%
AteenaAthénes
100%
VarsovaVarsovie
100%
RiikaRiga
94%
BrysselBruxelles
94%
BeirutBeyrouth
94%
LontooLondres
83%
TukholmaStockholm
61%
KapkaupunkiLe Cap
22%

Distribution des résultats

Percentile par nombre de réponses

% des personnes avec chaque résultat

Votre développement - résultats

Vous n’avez pas pris ce quiz depuis la dernière actualisation